<?xml version="1.0" encoding="UTF-8"?><?xml-stylesheet type="text/xsl" href="static/style.xsl"?><OAI-PMH xmlns="http://www.openarchives.org/OAI/2.0/" xmlns:xsi="http://www.w3.org/2001/XMLSchema-instance" xsi:schemaLocation="http://www.openarchives.org/OAI/2.0/ http://www.openarchives.org/OAI/2.0/OAI-PMH.xsd"><responseDate>2026-04-18T07:51:26Z</responseDate><request verb="GetRecord" identifier="oai:www.recercat.cat:20.500.12694/7071" metadataPrefix="marc">https://recercat.cat/oai/request</request><GetRecord><record><header><identifier>oai:recercat.cat:20.500.12694/7071</identifier><datestamp>2025-12-18T12:09:27Z</datestamp><setSpec>com_2072_179042</setSpec><setSpec>col_2072_484474</setSpec></header><metadata><record xmlns="http://www.loc.gov/MARC21/slim" xmlns:dcterms="http://purl.org/dc/terms/" xmlns:xsi="http://www.w3.org/2001/XMLSchema-instance" xmlns:doc="http://www.lyncode.com/xoai" xsi:schemaLocation="http://www.loc.gov/MARC21/slim http://www.loc.gov/standards/marcxml/schema/MARC21slim.xsd">
   <leader>00925njm 22002777a 4500</leader>
   <datafield ind2=" " ind1=" " tag="042">
      <subfield code="a">dc</subfield>
   </datafield>
   <datafield ind2=" " ind1=" " tag="720">
      <subfield code="a">Ortuño Gelardo, Daniel</subfield>
      <subfield code="e">author</subfield>
   </datafield>
   <datafield ind2=" " ind1=" " tag="720">
      <subfield code="a">Ferriol de Ciurana, Anna</subfield>
      <subfield code="e">author</subfield>
   </datafield>
   <datafield ind2=" " ind1=" " tag="720">
      <subfield code="a">Gay Fernández, Carlos</subfield>
      <subfield code="e">author</subfield>
   </datafield>
   <datafield ind2=" " ind1=" " tag="720">
      <subfield code="a">Ortuño Gelardo, Alejandro</subfield>
      <subfield code="e">author</subfield>
   </datafield>
   <datafield ind2=" " ind1=" " tag="720">
      <subfield code="a">Roca Carreras, Pau</subfield>
      <subfield code="e">author</subfield>
   </datafield>
   <datafield ind2=" " ind1=" " tag="260">
      <subfield code="c">2015-07-15</subfield>
   </datafield>
   <datafield ind2=" " ind1=" " tag="520">
      <subfield code="a">Aquest projecte parla sobre l'agrupació del quintet de vent clàssic des dels seus orígens i del seu repertori principal, sigui pròpi o transcrit, fins al 1950. Ja que en el nostre concert final de carrera s'interpreta "La Consagració de la Primavera" d'Igor Stravinsky, també li dediquem dos apartats. Esperem que aquest treball d'investigació contribueixi a l'escassa bibliografia que existeix referent a la formació.</subfield>
   </datafield>
   <datafield ind2=" " ind1=" " tag="520">
      <subfield code="a">Este proyecto trata sobre la agrupación del quinteto de viento clásico desde sus orígenes y de su repertorio principal, ya sea propio o transcrito, hasta 1950. Dado que en nuestro concierto de fin de carrera se interpreta "La Consagración de la Primavera" de Igor Stravinsky, también le dedicamos dos apartados. Esperamos que este trabajo de investigación contribuya a la escasa bibliografía que existe acerca de la formación.</subfield>
   </datafield>
   <datafield ind2=" " ind1=" " tag="520">
      <subfield code="a">This project is about the woodwind quintet, from its origins and its main repertoire, whether original or transcribed, up to 1950. In our final concert, we are performing "The Rite of Spring" by Igor Stravinsky, so two sections are dedicated to it. With this research, we expect to contribute to the scarce bibliography that exists on this ensemble.</subfield>
   </datafield>
   <datafield ind1="8" ind2=" " tag="024">
      <subfield code="a">http://hdl.handle.net/20.500.12694/7071</subfield>
   </datafield>
   <datafield tag="653" ind2=" " ind1=" ">
      <subfield code="a">TFG Música clàssica i contemporània</subfield>
   </datafield>
   <datafield tag="653" ind2=" " ind1=" ">
      <subfield code="a">Quintets de vent--Història</subfield>
   </datafield>
   <datafield tag="653" ind2=" " ind1=" ">
      <subfield code="a">Quintets de vent--Anàlisi i apreciació</subfield>
   </datafield>
   <datafield tag="653" ind2=" " ind1=" ">
      <subfield code="a">Stravinsky, Igor, 1882-1971. Vesna sviasxennaia</subfield>
   </datafield>
   <datafield ind2="0" ind1="0" tag="245">
      <subfield code="a">Quinteto de viento clásico: recorrido por sus orígenes, repertorio y evolución</subfield>
   </datafield>
</record></metadata></record></GetRecord></OAI-PMH>